| 000 | 01321cam a2200421 a 4500 | ||
|---|---|---|---|
| 001 | 17500900 | ||
| 003 | OSt | ||
| 005 | 20150408114202.0 | ||
| 008 | 121019s2013 njua 001 0 eng d | ||
| 010 | _a 2012952211 | ||
| 015 |
_aGBB299533 _2bnb |
||
| 016 | 7 |
_a016182154 _2Uk |
|
| 020 | _a9781118403457 (pbk.) | ||
| 020 | _a1118403452 (pbk.) | ||
| 020 | _z9781118421895 (ebk.) | ||
| 020 | _z1118421892 (ebk.) | ||
| 020 | _z9781118417676 (ebk.) | ||
| 020 | _z1118417674 (ebk.) | ||
| 020 | _z9781118605639 (ebk.) | ||
| 020 | _z1118605632 (ebk.) | ||
| 035 | _a(OCoLC)ocn812072156 | ||
| 040 |
_aUKMGB _beng _cUKMGB _dOCLCO _dYDXCP _dLF3 _dBWX _dNHA _dDLC |
||
| 042 | _alccopycat | ||
| 050 | 0 | 0 |
_aHF5415.1265 _b.C363 2013 |
| 082 | 0 | 4 |
_a658.872 _223 _bCJP |
| 100 | 1 |
_aCario, Jennifer Evans. _941804 |
|
| 245 | 1 | 0 |
_aPinterest marketing : _ban hour a day / _cJennifer Evans Cario. |
| 260 |
_aHoboken, N.J. : _bWiley, _cc2013. |
||
| 300 |
_axxxi, 302 p. : _bill. ; _c24 cm. |
||
| 500 | _aIncludes index. | ||
| 630 | 0 | 0 |
_aPinterest. _941805 |
| 650 | 0 | _aInternet marketing. | |
| 650 | 0 |
_aOnline social networks _xEconomic aspects. _941806 |
|
| 906 |
_a7 _bcbc _ccopycat _d2 _encip _f20 _gy-gencatlg |
||
| 942 |
_2ddc _cDVD |
||
| 999 |
_c33035 _d267535 |
||